000 00284nam a22001097a 4500
008 170116b xxu||||| |||| 00| 0 eng d
020 _a9781930624474
041 _aeng
080 _a618.2
245 _aBECOMING A SUCCESSFUL CLINICAL RESEARCH INVESTIGATOR
_cGINSBERG, D
942 _2udc
_cBK
999 _c2932
_d2932